Zazpívejte, kamarádi polka ; Tvé políbení : valčík /

Hlavní autor: Kopáček, Jaroslav, 1905-1971
Jazyk: Čeština
Vydáno: Praha : Grando, c1945
Fyzický popis: 17 hlasů
Language note: Party řídících houslí a klavíru jsou podloženy českým textem
Hudebniny Hudebniny
Uloženo v:
LEADER 00897ncm a22002412a 4500
001 001328144
003 CZ BrMZK
005 20131105141310.0
007 qu
008 010907s1945 xr f cze d
015 |a cnb001893973 
040 |a BOA001  |b cze 
072 7 |a 785  |x Instrumentální hudba. Symfonická hudba. Hudba pro více nástrojů  |2 Konspekt  |9 9 
100 1 |a Kopáček, Jaroslav,  |d 1905-1971  |7 xx0022511  |4 cmp  |4 lyr 
245 1 0 |a Zazpívejte, kamarádi  |h [hudebnina] :  |b polka ; Tvé políbení : valčík /  |c slova i hudba Jaroslav Kopáček 
260 |a Praha :  |b Grando,  |c c1945 
300 |a 17 hlasů 
546 |a Party řídících houslí a klavíru jsou podloženy českým textem 
740 0 2 |a Tvé políbení 
910 |a BOA001  |b Mus4-0180.940 
990 |a MU 
991 |b 201309 
996 6 |b 2619607164  |c Mus4-0180.940  |l MZK  |r Sklad / do 1 hodiny  |n 0  |w 001363091  |u 000010  |a 1  |e BOA001  |j MZK50  |s P